[Event "Bundesliga 0001"]
[Site "Deutschland"]
[Date "2001.02.18"]
[Round "9.3"]
[White "Baklan, Vladimir"]
[Black "Gdanski, Jacek"]
[Result "1/2-1/2"]
[WhiteElo "2599"]
[BlackElo "2557"]
[PlyCount "39"]
[EventDate "2000.10.14"]
[EventType "team"]
[EventRounds "15"]
[EventCountry "GER"]
[SourceTitle "Bundesliga 0001"]
[Source "DeepChess"]
[SourceDate "2005.01.01"]
[SourceVersion "1"]
[SourceVersionDate "2005.01.01"]
[SourceQuality "1"]
[WhiteTeam "USC Magdeburg"]
[BlackTeam "SK Koenig Plauen"]
[WhiteTeamCountry "GER"]
[BlackTeamCountry "GER"]

1. e4 e6 2. d4 d5 3. Nc3 Bb4 4. e5 Ne7 5. a3 Bxc3+ 6. bxc3 c5 7. Qg4 O-O 8. Bd3
Qa5 9. Ne2 cxd4 10. Bg5 Ng6 11. f4 Nd7 12. Bxg6 fxg6 13. Qxe6+ Rf7 14. Qe8+ Rf8
15. Qe6+ Rf7 16. a4 h6 17. Qe8+ Rf8 18. Qe6+ Rf7 19. Qe8+ Rf8 20. Qe6+ 1/2-1/2

[Event "Bundesliga 0001"]
[Site "Deutschland"]
[Date "2001.02.18"]
[Round "9.4"]
[White "Kindermann, Stefan"]
[Black "Thesing, Matthias"]
[Result "1-0"]
[WhiteElo "2519"]
[BlackElo "2438"]
[PlyCount "35"]
[EventDate "2000.10.14"]
[EventType "team"]
[EventRounds "15"]
[EventCountry "GER"]
[SourceTitle "Bundesliga 0001"]
[Source "DeepChess"]
[SourceDate "2005.01.01"]
[SourceVersion "1"]
[SourceVersionDate "2005.01.01"]
[SourceQuality "1"]
[WhiteTeam "SK Koenig Plauen"]
[BlackTeam "USC Magdeburg"]
[WhiteTeamCountry "GER"]
[BlackTeamCountry "GER"]

1. e4 c5 2. Nf3 e6 3. d4 cxd4 4. Nxd4 a6 5. Bd3 Nf6 6. O-O d6 7. c4 Bd7 8. Nc3
Nc6 9. Nxc6 Bxc6 10. b4 b6 11. Bb2 Be7 12. Qe2 O-O 13. Rad1 Qc7 14. f4 Rad8 15.
Kh1 Bb7 16. Rf3 g6 17. Rh3 Nd7 18. Nb5 1-0

[Event "Bundesliga 0001"]
[Site "Deutschland"]
[Date "2001.02.18"]
[Round "9.5"]
[White "Georgiev, Vladimir"]
[Black "Espig, Lutz"]
[Result "1-0"]
[WhiteElo "2564"]
[BlackElo "2401"]
[PlyCount "121"]
[EventDate "2000.10.14"]
[EventType "team"]
[EventRounds "15"]
[EventCountry "GER"]
[SourceTitle "Bundesliga 0001"]
[Source "DeepChess"]
[SourceDate "2005.01.01"]
[SourceVersion "1"]
[SourceVersionDate "2005.01.01"]
[SourceQuality "1"]
[WhiteTeam "USC Magdeburg"]
[BlackTeam "SK Koenig Plauen"]
[WhiteTeamCountry "GER"]
[BlackTeamCountry "GER"]

1. d4 Nf6 2. c4 d6 3. Nc3 Nbd7 4. e4 e5 5. Nf3 Be7 6. Be2 O-O 7. O-O c6 8. Qc2
a6 9. Rd1 Qc7 10. Bg5 Re8 11. Rac1 h6 12. Bh4 Nh7 13. Bg3 Ng5 14. Nh4 Ne6 15.
Nf3 Bf6 16. d5 Nd4 17. Nxd4 exd4 18. Na4 c5 19. b4 cxb4 20. c5 Nxc5 21. Nxc5
Qxc5 22. Qa4 b5 23. Qb3 Qa7 24. Bxd6 Rxe4 25. Bf3 Re8 26. Qxb4 Bb7 27. Bc7 Bd8
28. d6 Bxf3 29. gxf3 Qb7 30. Qb3 Re6 31. Rxd4 Rc8 32. Qd5 Qxd5 33. Rxd5 Kf8 34.
Kf1 Bxc7 35. Rxc7 Rd8 36. Rc6 Ra8 37. f4 g6 38. Kg2 Ke8 39. Kf3 Kf8 40. Re5 Ke8
41. Ke4 Kd7 42. Kd5 Ra7 43. Rb6 b4 44. Rxe6 fxe6+ 45. Kc5 a5 46. Rb8 a4 47.
Rxb4 a3 48. Rb5 Ra4 49. Rb7+ Kd8 50. Rb4 Ra6 51. f3 Kd7 52. Rb7+ Kc8 53. Rh7 h5
54. f5 gxf5 55. Rxh5 Ra4 56. Rh8+ Kd7 57. Rh7+ Kd8 58. h4 Rf4 59. h5 Rxf3 60.
h6 Rh3 61. Ra7 1-0

[Event "Bundesliga 0001"]
[Site "Deutschland"]
[Date "2001.02.18"]
[Round "9.6"]
[White "Sandner, Gunter"]
[Black "Markgraf, Alexander"]
[Result "1-0"]
[WhiteElo "2333"]
[BlackElo "2274"]
[PlyCount "103"]
[EventDate "2000.10.14"]
[EventType "team"]
[EventRounds "15"]
[EventCountry "GER"]
[SourceTitle "Bundesliga 0001"]
[Source "DeepChess"]
[SourceDate "2005.01.01"]
[SourceVersion "1"]
[SourceVersionDate "2005.01.01"]
[SourceQuality "1"]
[WhiteTeam "SK Koenig Plauen"]
[BlackTeam "USC Magdeburg"]
[WhiteTeamCountry "GER"]
[BlackTeamCountry "GER"]

1. d4 g6 2. g3 f5 3. Bg2 Nf6 4. Nf3 Bg7 5. O-O O-O 6. c3 Na6 7. Nbd2 c5 8. b3
d6 9. Bb2 Qc7 10. b4 c4 11. Qc2 d5 12. Ne5 Nb8 13. f3 Nc6 14. Nxc6 bxc6 15. e4
fxe4 16. fxe4 Bd7 17. Rae1 e5 18. exd5 Bf5 19. Rxf5 gxf5 20. d6 Qxd6 21. Nxc4
Qe6 22. Nxe5 Ng4 23. Qb3 Qxb3 24. axb3 Nxe5 25. dxe5 Rae8 26. c4 Rc8 27. Bc1
Rfe8 28. Bf4 Bf8 29. c5 a5 30. bxa5 Bxc5+ 31. Kf1 Bb4 32. Rc1 Bxa5 33. Bxc6
Red8 34. Bg5 Bd2 35. Bxd2 Rxc6 36. Rxc6 Rxd2 37. Rf6 Rb2 38. Rxf5 Rxb3 39. Rf2
Rb6 40. Kg2 Re6 41. Re2 Kf7 42. Kf3 Ra6 43. Kf4 Ke6 44. Kg5 Ra7 45. Kh6 Rb7 46.
Re3 Ra7 47. h4 Rb7 48. h5 Kf5 49. e6 Re7 50. Re1 Kg4 51. Re5 Kxg3 52. Kg5 1-0

[Event "Bundesliga 0001"]
[Site "Deutschland"]
[Date "2001.02.18"]
[Round "9.7"]
[White "Darnstaedt, Frank"]
[Black "Hackel, Mario"]
[Result "0-1"]
[WhiteElo "2330"]
[BlackElo "2338"]
[PlyCount "82"]
[EventDate "2000.10.14"]
[EventType "team"]
[EventRounds "15"]
[EventCountry "GER"]
[SourceTitle "Bundesliga 0001"]
[Source "DeepChess"]
[SourceDate "2005.01.01"]
[SourceVersion "1"]
[SourceVersionDate "2005.01.01"]
[SourceQuality "1"]
[WhiteTeam "USC Magdeburg"]
[BlackTeam "SK Koenig Plauen"]
[WhiteTeamCountry "GER"]
[BlackTeamCountry "GER"]

1. e4 g6 2. d4 Bg7 3. Nc3 d6 4. h3 c6 5. a4 Nf6 6. Nf3 O-O 7. Be2 Nbd7 8. O-O
Qc7 9. Be3 b6 10. Qd2 Bb7 11. Bh6 Rfe8 12. Bxg7 Kxg7 13. Rfe1 Rad8 14. Rad1 e5
15. dxe5 dxe5 16. Qe3 a6 17. Bc4 b5 18. Bb3 b4 19. Nb1 c5 20. Nbd2 Nb6 21. a5
Nc8 22. c3 Nd6 23. cxb4 cxb4 24. Rc1 Qxa5 25. Rc5 Qb6 26. Rxe5 Qxe3 27. Rxe3
Ndxe4 28. Nxe4 Nxe4 29. Rxe8 Rxe8 30. Ng5 Nd6 31. Rxe8 Nxe8 32. Nxf7 Kf6 33. f4
Nc7 34. Ne5 Bd5 35. Bc2 Ne6 36. g3 Nd4 37. Bd3 a5 38. Kf2 a4 39. Nd7+ Kg7 40.
Nb6 a3 41. bxa3 bxa3 0-1

[Event "Bundesliga 0001"]
[Site "Deutschland"]
[Date "2001.02.18"]
[Round "9.8"]
[White "Haskamp, Stephan"]
[Black "Meier, Volker"]
[Result "1-0"]
[WhiteElo "2290"]
[BlackElo "2288"]
[PlyCount "45"]
[EventDate "2000.10.14"]
[EventType "team"]
[EventRounds "15"]
[EventCountry "GER"]
[SourceTitle "Bundesliga 0001"]
[Source "DeepChess"]
[SourceDate "2005.01.01"]
[SourceVersion "1"]
[SourceVersionDate "2005.01.01"]
[SourceQuality "1"]
[WhiteTeam "SK Koenig Plauen"]
[BlackTeam "USC Magdeburg"]
[WhiteTeamCountry "GER"]
[BlackTeamCountry "GER"]

1. e4 c5 2. Nf3 e6 3. d3 d5 4. Qe2 Nf6 5. g3 Nc6 6. Bg2 Be7 7. O-O b6 8. e5 Nd7
9. c4 d4 10. Nfd2 Bb7 11. f4 Qc7 12. Na3 a6 13. Ne4 O-O-O 14. Bd2 g5 15. Nd6+
Bxd6 16. exd6 Qxd6 17. fxg5 Nce5 18. Bxb7+ Kxb7 19. Bf4 h6 20. Rae1 hxg5 21.
Bxe5 Nxe5 22. Qxe5 Qe7 23. Qf6 1-0

[Event "Bundesliga 0001"]
[Site "Deutschland"]
[Date "2001.03.10"]
[Round "10.1"]
[White "Dautov, Rustem"]
[Black "Shirov, Alexei"]
[Result "1/2-1/2"]
[WhiteElo "2606"]
[BlackElo "2746"]
[PlyCount "63"]
[EventDate "2000.10.14"]
[EventType "team"]
[EventRounds "15"]
[EventCountry "GER"]
[SourceTitle "Bundesliga 0001"]
[Source "DeepChess"]
[SourceDate "2005.01.01"]
[SourceVersion "1"]
[SourceVersionDate "2005.01.01"]
[SourceQuality "1"]
[WhiteTeam "Godesberger SK 1929"]
[BlackTeam "Luebecker SV von 1873 "]
[WhiteTeamCountry "GER"]
[BlackTeamCountry "GER"]

1. d4 d5 2. c4 dxc4 3. Nf3 Nf6 4. e3 e6 5. Bxc4 c5 6. O-O a6 7. Bb3 cxd4 8.
exd4 Nc6 9. Nc3 Be7 10. a3 O-O 11. Bf4 Nd5 12. Bxd5 exd5 13. Ne5 Nxe5 14. Bxe5
Be6 15. Qb3 b5 16. Ne2 f6 17. Bg3 Rc8 18. a4 b4 19. Qd3 Rc6 20. Rfc1 Qd7 21.
Rxc6 Qxc6 22. Rc1 Qxa4 23. Qe3 Kf7 24. Nf4 Qd7 25. Re1 Re8 26. Nxe6 Bf8 27.
Ng5+ fxg5 28. Qf3+ Kg6 29. Qd3+ Kf7 30. Qf3+ Kg6 31. Qd3+ Kf7 32. Qf3+ 1/2-1/2

[Event "Bundesliga 0001"]
[Site "Deutschland"]
[Date "2001.03.10"]
[Round "10.1"]
[White "Hracek, Zbynek"]
[Black "Van der Sterren, Paul"]
[Result "1/2-1/2"]
[WhiteElo "2612"]
[BlackElo "2569"]
[PlyCount "43"]
[EventDate "2000.10.14"]
[EventType "team"]
[EventRounds "15"]
[EventCountry "GER"]
[SourceTitle "Bundesliga 0001"]
[Source "DeepChess"]
[SourceDate "2005.01.01"]
[SourceVersion "1"]
[SourceVersionDate "2005.01.01"]
[SourceQuality "1"]
[WhiteTeam "SAbt SV Werder Bremen"]
[BlackTeam "SV Castrop Rauxel 1923"]
[WhiteTeamCountry "GER"]
[BlackTeamCountry "GER"]

1. e4 e5 2. Nf3 Nc6 3. Bb5 a6 4. Ba4 Nf6 5. O-O Be7 6. Re1 b5 7. Bb3 d6 8. c3
O-O 9. h3 Na5 10. Bc2 c5 11. d4 Bb7 12. Nbd2 cxd4 13. cxd4 exd4 14. Nxd4 Re8
15. b3 Bf8 16. Bb2 g6 17. Qf3 Bg7 18. Rad1 Rc8 19. Bb1 Qb6 20. Nxb5 d5 21. Bd4
Qe6 22. Nc3 1/2-1/2

[Event "Bundesliga 0001"]
[Site "Deutschland"]
[Date "2001.03.10"]
[Round "10.2"]
[White "Rozentalis, Eduardas"]
[Black "Babula, Vlastimil"]
[Result "0-1"]
[WhiteElo "2570"]
[BlackElo "2582"]
[PlyCount "98"]
[EventDate "2000.10.14"]
[EventType "team"]
[EventRounds "15"]
[EventCountry "GER"]
[SourceTitle "Bundesliga 0001"]
[Source "DeepChess"]
[SourceDate "2005.01.01"]
[SourceVersion "1"]
[SourceVersionDate "2005.01.01"]
[SourceQuality "1"]
[WhiteTeam "SV Castrop Rauxel 1923"]
[BlackTeam "SAbt SV Werder Bremen"]
[WhiteTeamCountry "GER"]
[BlackTeamCountry "GER"]

1. e4 c5 2. Nf3 Nc6 3. Bb5 d6 4. Bxc6+ bxc6 5. O-O Bg4 6. d3 Nf6 7. Nbd2 e5 8.
h3 Bh5 9. Nc4 Be7 10. Ne3 O-O 11. Nf5 Nd7 12. Qe2 Re8 13. Qe3 Bg6 14. Nxe7+
Qxe7 15. Nh2 Nf8 16. Qf3 Ne6 17. Be3 Rad8 18. b3 d5 19. Rfe1 dxe4 20. dxe4 Nd4
21. Bxd4 exd4 22. Re2 Rd6 23. Rae1 Re6 24. e5 f6 25. exf6 Rxe2 26. fxe7 Rxe1+
27. Nf1 h6 28. Qxc6 Kh7 29. Qxc5 d3 30. cxd3 Bxd3 31. Kh2 Rxf1 32. Qxa7 Re1 33.
Qd4 Bg6 34. a4 R8xe7 35. a5 Rb7 36. Qd5 Be4 37. Qd2 Rb1 38. a6 R7xb3 39. a7 Ra3
40. h4 Rxa7 41. Qd4 Re7 42. Qc5 Rbb7 43. f3 Bb1 44. h5 Re2 45. Kh3 Rbb2 46. g3
Rb3 47. f4 Rbb2 48. Kg4 Rf2 49. Qc4 Rbd2 0-1

[Event "Bundesliga 0001"]
[Site "Deutschland"]
[Date "2001.03.10"]
[Round "10.3"]
[White "Schandorff, Lars"]
[Black "King, Daniel J"]
[Result "1-0"]
[WhiteElo "2520"]
[BlackElo "2525"]
[PlyCount "75"]
[EventDate "2000.10.14"]
[EventType "team"]
[EventRounds "15"]
[EventCountry "GER"]
[SourceTitle "Bundesliga 0001"]
[Source "DeepChess"]
[SourceDate "2005.01.01"]
[SourceVersion "1"]
[SourceVersionDate "2005.01.01"]
[SourceQuality "1"]
[WhiteTeam "SAbt SV Werder Bremen"]
[BlackTeam "SV Castrop Rauxel 1923"]
[WhiteTeamCountry "GER"]
[BlackTeamCountry "GER"]

1. d4 e6 2. Nf3 Nf6 3. c4 d5 4. Nc3 Be7 5. Qc2 Na6 6. g3 Nb4 7. Qb1 dxc4 8. Bg2
O-O 9. O-O Rb8 10. a3 Nc6 11. Rd1 Na5 12. Qc2 b5 13. e4 Nb3 14. Rb1 a6 15. Be3
Bb7 16. h3 Qe8 17. Nd2 Nxd2 18. Rxd2 Nd7 19. Rbd1 e5 20. Kh2 Bd6 21. f4 f6 22.
dxe5 fxe5 23. f5 Nc5 24. Bxc5 Bxc5 25. Ne2 Bd6 26. Ng1 g6 27. g4 gxf5 28. gxf5
Kh8 29. Bf3 Qe7 30. Rg2 Rxf5 31. exf5 e4+ 32. Rxd6 Qe5+ 33. Rg3 cxd6 34. Bg2 d5
35. Ne2 d4 36. Qd2 d3 37. Nf4 Qxf5 38. Qc3+ 1-0

[Event "Bundesliga 0001"]
[Site "Deutschland"]
[Date "2001.03.10"]
[Round "10.5"]
[White "Knaak, Rainer"]
[Black "Seul, Georg"]
[Result "0-1"]
[WhiteElo "2513"]
[BlackElo "2447"]
[PlyCount "84"]
[EventDate "2000.10.14"]
[EventType "team"]
[EventRounds "15"]
[EventCountry "GER"]
[SourceTitle "Bundesliga 0001"]
[Source "DeepChess"]
[SourceDate "2005.01.01"]
[SourceVersion "1"]
[SourceVersionDate "2005.01.01"]
[SourceQuality "1"]
[WhiteTeam "SAbt SV Werder Bremen"]
[BlackTeam "SV Castrop Rauxel 1923"]
[WhiteTeamCountry "GER"]
[BlackTeamCountry "GER"]

1. d4 Nf6 2. Bg5 e6 3. e4 h6 4. Bxf6 Qxf6 5. c3 d6 6. Bd3 g6 7. Ne2 Bg7 8. O-O
Qe7 9. f4 Nd7 10. Nd2 b6 11. a4 a6 12. Qe1 Bb7 13. Qf2 f5 14. d5 O-O 15. Ng3
fxe4 16. Bxe4 Bxd5 17. Bxg6 Ne5 18. Be4 Bxe4 19. Ngxe4 Nd3 20. Qe3 Nxb2 21. Ra2
d5 22. Rxb2 dxe4 23. Nxe4 Qd7 24. Ng3 Qxa4 25. Nh5 Qc4 26. Nxg7 Kxg7 27. Rb4
Qc5 28. Rd4 Rad8 29. Rf3 Rxd4 30. cxd4 Qd5 31. Qc3 Rf7 32. Re3 Rd7 33. Rg3+ Kf7
34. Rd3 c5 35. h3 cxd4 36. Qc8 Ke7 37. Rg3 Kd6 38. Qb8+ Kc5 39. Qf8+ Kb5 40.
Qxh6 d3 41. Rg5 d2 42. Qh5 Qxg5 0-1

[Event "Bundesliga 0001"]
[Site "Deutschland"]
[Date "2001.03.10"]
[Round "10.6"]
[White "Appel, Ralf"]
[Black "Pelletier, Yannick"]
[Result "1-0"]
[WhiteElo "2481"]
[BlackElo "2474"]
[PlyCount "63"]
[EventDate "2000.10.14"]
[EventType "team"]
[EventRounds "15"]
[EventCountry "GER"]
[SourceTitle "Bundesliga 0001"]
[Source "DeepChess"]
[SourceDate "2005.01.01"]
[SourceVersion "1"]
[SourceVersionDate "2005.01.01"]
[SourceQuality "1"]
[WhiteTeam "SV Castrop Rauxel 1923"]
[BlackTeam "SAbt SV Werder Bremen"]
[WhiteTeamCountry "GER"]
[BlackTeamCountry "GER"]

1. Nf3 Nf6 2. g3 d5 3. Bg2 e6 4. O-O Be7 5. d3 O-O 6. Nbd2 c5 7. e4 Nc6 8. Re1
b5 9. e5 Nd7 10. Nf1 a5 11. h4 Ba6 12. h5 b4 13. N1h2 a4 14. a3 Qb8 15. Ng4 Nd4
16. axb4 Qxb4 17. c3 Ne2+ 18. Rxe2 Qxg4 19. h6 Qf5 20. hxg7 Rfd8 21. Re3 Nb6
22. Nh4 Bxh4 23. gxh4 h6 24. Bh3 Qh7 25. Rg3 Nd7 26. d4 Bc4 27. Kh2 Rdb8 28.
Qg4 Rb6 29. Qf4 cxd4 30. cxd4 Bd3 31. Ra3 Rb3 32. Rf3 1-0

[Event "Bundesliga 0001"]
[Site "Deutschland"]
[Date "2001.03.10"]
[Round "10.8"]
[White "Hennig, Dirk"]
[Black "Meins, Gerlef"]
[Result "1-0"]
[WhiteElo "2442"]
[BlackElo "2426"]
[PlyCount "84"]
[EventDate "2000.10.14"]
[EventType "team"]
[EventRounds "15"]
[EventCountry "GER"]
[SourceTitle "Bundesliga 0001"]
[Source "DeepChess"]
[SourceDate "2005.01.01"]
[SourceVersion "1"]
[SourceVersionDate "2005.01.01"]
[SourceQuality "1"]
[WhiteTeam "SV Castrop Rauxel 1923"]
[BlackTeam "SAbt SV Werder Bremen"]
[WhiteTeamCountry "GER"]
[BlackTeamCountry "GER"]

1. d4 d5 2. Nf3 Nf6 3. Bg5 Ne4 4. Bh4 c5 5. dxc5 Nc6 6. e3 g6 7. Nbd2 Nxc5 8.
Nb3 Bg7 9. c3 Ne4 10. Bd3 Bg4 11. h3 Nxc3 12. bxc3 Bxc3+ 13. Kf1 Bxf3 14. gxf3
Bxa1 15. Qxa1 f6 16. f4 Kf7 17. Kg2 Rc8 18. Rd1 Qb6 19. Be2 Rhd8 20. Bf3 Nb4
21. Nd4 Rc4 22. a3 Nc6 23. Rb1 Qc7 24. Nb5 Qa5 25. Rb3 a6 26. Nc3 d4 27. Ne4 b5
28. Rd3 dxe3 29. Nd6+ Rxd6 30. Rxd6 Rxf4 31. Rxc6 Rxh4 32. Qa2+ Kg7 33. Qe6
Qxa3 34. Rc7 exf2 35. Rxe7+ Kh6 36. Qxf6 f1=Q+ 37. Kxf1 Qc1+ 38. Kf2 Qc5+ 39.
Kg3 Qg5+ 40. Qxg5+ Kxg5 41. Bg4 Kf6 42. Re6+ Kg5 1-0

[Event "Bundesliga 0001"]
[Site "Deutschland"]
[Date "2001.03.10"]
[Round "10.1"]
[White "Kishnev, Sergey"]
[Black "Rabiega, Robert"]
[Result "1-0"]
[WhiteElo "2495"]
[BlackElo "2487"]
[PlyCount "39"]
[EventDate "2000.10.14"]
[EventType "team"]
[EventRounds "15"]
[EventCountry "GER"]
[SourceTitle "Bundesliga 0001"]
[Source "DeepChess"]
[SourceDate "2005.01.01"]
[SourceVersion "1"]
[SourceVersionDate "2005.01.01"]
[SourceQuality "1"]
[WhiteTeam "SC Hassel KS Gelsenkirchen"]
[BlackTeam "SK Koenig Tegel 1949 e.V. "]
[WhiteTeamCountry "GER"]
[BlackTeamCountry "GER"]

1. d4 d5 2. c4 Nc6 3. cxd5 Qxd5 4. e3 e5 5. Nc3 Bb4 6. Bd2 Bxc3 7. Bxc3 exd4 8.
Ne2 Nf6 9. Nxd4 O-O 10. Be2 Qxg2 11. Bf3 Qg6 12. Nxc6 bxc6 13. Qd4 Qf5 14. Bxc6
Rb8 15. Rg1 Kh8 16. O-O-O Rb6 17. Qd8 Qc5 18. Rg5 Nd7 19. Rxd7 Bxd7 20. Qe7 1-0

[Event "Bundesliga 0001"]
[Site "Deutschland"]
[Date "2001.03.10"]
[Round "10.2"]
[White "Muse, Mladen"]
[Black "Kalka, Arkadius Georg"]
[Result "1/2-1/2"]
[WhiteElo "2510"]
[BlackElo "2378"]
[PlyCount "131"]
[EventDate "2000.10.14"]
[EventType "team"]
[EventRounds "15"]
[EventCountry "GER"]
[SourceTitle "Bundesliga 0001"]
[Source "DeepChess"]
[SourceDate "2005.01.01"]
[SourceVersion "1"]
[SourceVersionDate "2005.01.01"]
[SourceQuality "1"]
[WhiteTeam "SK Koenig Tegel 1949 e.V. "]
[BlackTeam "SC Hassel KS Gelsenkirchen"]
[WhiteTeamCountry "GER"]
[BlackTeamCountry "GER"]

1. Nf3 d5 2. c4 c6 3. Qc2 Nf6 4. g3 Nbd7 5. d4 e6 6. Bg2 b6 7. O-O Bb7 8. Nbd2
Be7 9. Rd1 O-O 10. b3 c5 11. Bb2 Rc8 12. e3 b5 13. dxc5 Bxc5 14. Qb1 Qb6 15. b4
Be7 16. c5 Qc7 17. Nd4 a6 18. a4 bxa4 19. Rxa4 Rfe8 20. Qa1 Bf8 21. Bf1 Nb8 22.
b5 axb5 23. Nxb5 Qd8 24. Na7 Rxc5 25. Bd4 Nc6 26. Bxc5 Bxc5 27. Nb5 e5 28. Nb3
Bf8 29. Nc3 Qb6 30. Rb1 Bb4 31. Na2 d4 32. exd4 Ng4 33. Be2 Nxf2 34. Kxf2 Nxd4
35. Nxd4 exd4 36. Raxb4 Qf6+ 37. Ke1 Qf3 38. Nc1 d3 39. Qa2 Qh1+ 40. Kd2 dxe2
41. Nxe2 Rxe2+ 42. Kxe2 Qxh2+ 43. Ke3 Qxa2 44. Rxb7 h5 45. R7b2 Qe6+ 46. Kf2
Qh3 47. Rb4 g5 48. R1b3 Kg7 49. Kg1 Qd7 50. Rb2 Qd1+ 51. Kg2 Qd5+ 52. Kh2 Qf3
53. R4b3 Qf1 54. Rb5 Kg6 55. Rb6+ f6 56. R6b4 Kf5 57. Rb5+ Ke6 58. Rb6+ Ke5 59.
R6b5+ Kd6 60. Rd2+ Ke6 61. Rb4 f5 62. Rb6+ Ke5 63. Rbb2 g4 64. Re2+ Kf6 65.
Rb6+ Kg5 66. Rg6+ 1/2-1/2

[Event "Bundesliga 0001"]
[Site "Deutschland"]
[Date "2001.03.10"]
[Round "10.3"]
[White "Meessen, Rudolf"]
[Black "Paulsen, Dirk"]
[Result "0-1"]
[WhiteElo "2306"]
[BlackElo "2431"]
[PlyCount "64"]
[EventDate "2000.10.14"]
[EventType "team"]
[EventRounds "15"]
[EventCountry "GER"]
[SourceTitle "Bundesliga 0001"]
[Source "DeepChess"]
[SourceDate "2005.01.01"]
[SourceVersion "1"]
[SourceVersionDate "2005.01.01"]
[SourceQuality "1"]
[WhiteTeam "SC Hassel KS Gelsenkirchen"]
[BlackTeam "SK Koenig Tegel 1949 e.V. "]
[WhiteTeamCountry "GER"]
[BlackTeamCountry "GER"]

1. d4 g6 2. c4 Bg7 3. e4 Nc6 4. d5 Nd4 5. Nc3 c5 6. Nge2 e5 7. Nxd4 exd4 8. Nb5
d6 9. Bd3 a6 10. Na3 Ne7 11. b4 b6 12. bxc5 bxc5 13. Rb1 O-O 14. O-O f5 15.
exf5 Nxf5 16. Bd2 Ra7 17. Rb8 Qh4 18. g3 Qh3 19. Be4 Nh6 20. Bg2 Qf5 21. Bf4
Nf7 22. Qb1 g5 23. Be4 Qh3 24. Bg2 Qh5 25. Qb6 gxf4 26. Qxa7 f3 27. Bh1 Ne5 28.
Re1 d3 29. Rxc8 Rxc8 30. Qe7 Re8 31. Qxd6 d2 32. Rd1 Ng4 0-1

[Event "Bundesliga 0001"]
[Site "Deutschland"]
[Date "2001.03.10"]
[Round "10.4"]
[White "Lipinsky, Fabian"]
[Black "Baumhus, Reinhard"]
[Result "1-0"]
[WhiteElo "2362"]
[BlackElo "2341"]
[PlyCount "85"]
[EventDate "2000.10.14"]
[EventType "team"]
[EventRounds "15"]
[EventCountry "GER"]
[SourceTitle "Bundesliga 0001"]
[Source "DeepChess"]
[SourceDate "2005.01.01"]
[SourceVersion "1"]
[SourceVersionDate "2005.01.01"]
[SourceQuality "1"]
[WhiteTeam "SK Koenig Tegel 1949 e.V. "]
[BlackTeam "SC Hassel KS Gelsenkirchen"]
[WhiteTeamCountry "GER"]
[BlackTeamCountry "GER"]

1. d4 g6 2. c4 d6 3. e4 Nd7 4. Nf3 e5 5. Nc3 Bg7 6. Be2 c6 7. d5 c5 8. g4 Nf8
9. Rg1 Nf6 10. h3 h6 11. Be3 g5 12. b4 b6 13. bxc5 bxc5 14. Qa4+ Bd7 15. Qa6
Qb6 16. Qxb6 axb6 17. Kd2 Ng6 18. Rgb1 Ra6 19. Rb3 Kd8 20. Rab1 Kc7 21. Bf1
Rha8 22. R3b2 Nf4 23. Ke1 Ra3 24. Bd2 Rxc3 25. Bxc3 Nxe4 26. Bd2 Ra3 27. Rxb6
Kd8 28. R1b3 Rxa2 29. Be3 Ke7 30. Rb7 Nc3 31. Rxc3 e4 32. Rcb3 exf3 33. Bxf4
gxf4 34. Bd3 Ke8 35. Bb1 Re2+ 36. Kf1 Rd2 37. Rxf3 Bd4 38. Rxf4 Ba4 39. Rfxf7
Rd1+ 40. Kg2 Rxb1 41. Rbe7+ Kd8 42. Ra7 Ke8 43. Rh7 1-0

[Event "Bundesliga 0001"]
[Site "Deutschland"]
[Date "2001.03.10"]
[Round "10.5"]
[White "Ahn, Martin"]
[Black "Von Herman, Ulf"]
[Result "1-0"]
[WhiteElo "2265"]
[BlackElo "2357"]
[PlyCount "97"]
[EventDate "2000.10.14"]
[EventType "team"]
[EventRounds "15"]
[EventCountry "GER"]
[SourceTitle "Bundesliga 0001"]
[Source "DeepChess"]
[SourceDate "2005.01.01"]
[SourceVersion "1"]
[SourceVersionDate "2005.01.01"]
[SourceQuality "1"]
[WhiteTeam "SC Hassel KS Gelsenkirchen"]
[BlackTeam "SK Koenig Tegel 1949 e.V. "]
[WhiteTeamCountry "GER"]
[BlackTeamCountry "GER"]

1. e4 e6 2. d4 d5 3. Nc3 Bb4 4. e5 c5 5. a3 Bxc3+ 6. bxc3 Ne7 7. Qg4 O-O 8. Bd3
Nd7 9. Bg5 f5 10. Qh4 Qa5 11. Bd2 Nc6 12. Nh3 Nb6 13. Ng5 h6 14. Nf3 Qa4 15.
Bxh6 gxh6 16. Qxh6 Rf7 17. Ng5 Rg7 18. Nxe6 Bxe6 19. Qxe6+ Kf8 20. Bxf5 Qc4 21.
Qd6+ Ne7 22. Qxc5 Qxc5 23. dxc5 Nxf5 24. cxb6 Rxg2 25. bxa7 Ke7 26. Kf1 Rg4 27.
Rg1 Re4 28. Re1 Ke6 29. Rxe4 dxe4 30. f4 exf3 31. Kf2 Rxa7 32. Kxf3 Rxa3 33.
Kf4 Ra4+ 34. Kg5 Nh4 35. Rb1 Nf3+ 36. Kg6 Nxe5+ 37. Kg7 Ra7 38. Rb6+ Kd5 39. h4
Nc4 40. Rg6 b5+ 41. Kg8 Ne5 42. Rb6 Kc5 43. Re6 Nd7 44. h5 Kd5 45. Rg6 Ke5 46.
Rc6 Kf5 47. Rc8 Kg5 48. c4 b4 49. c5 1-0